000 00495nam a2200169 i 4500
001 85359
003 ES-MaACL
005 20230906175228.0
007 t|
008 041126s1973 sp ||||1| spa d
100 1 _aJovial Alemany, Juan.
_967069
245 1 0 _aCómo evitar la angustia /
_cJuan Jovial Alemany ; supervisión, Enrique Rafael.
260 _aMadrid :
_bMaisal,
_c[1973]
300 _a128 p. ;
_c18 cm.
700 1 _aRafael, Enrique.
_994949
852 _aES-MaACL
_jC-53702
_bR.86739
999 _c85359
_d85359